<?xml version="1.0" encoding="UTF-8"?>
<collection xmlns="http://www.loc.gov/MARC21/slim">
 <record>
  <leader>03303nam a22003017a 4500</leader>
  <controlfield tag="001">NCT_49440</controlfield>
  <controlfield tag="008">180912b        xxu||||| |||| 00| 0 vie d</controlfield>
  <datafield tag="999" ind1=" " ind2=" ">
   <subfield code="c">2364</subfield>
   <subfield code="d">2364</subfield>
  </datafield>
  <datafield tag="020" ind1=" " ind2=" ">
   <subfield code="a">9786048220389</subfield>
   <subfield code="c">114000</subfield>
  </datafield>
  <datafield tag="082" ind1="0" ind2="4">
   <subfield code="2">23rd ed.</subfield>
   <subfield code="a">624.1517597</subfield>
   <subfield code="b">M107</subfield>
  </datafield>
  <datafield tag="100" ind1="1" ind2=" ">
   <subfield code="a">Phạm Trọng Mạnh</subfield>
  </datafield>
  <datafield tag="245" ind1="1" ind2="0">
   <subfield code="a">Quy hoạch chuẩn bị kỹ thuật khu đất xây dựng đô thị ứng phó với thiên tai và biến đổi khí hậu</subfield>
   <subfield code="b">: Sách chuyên khảo</subfield>
   <subfield code="c">Phạm Trọng Mạnh</subfield>
  </datafield>
  <datafield tag="260" ind1=" " ind2=" ">
   <subfield code="a">H.</subfield>
   <subfield code="b">Xây dựng</subfield>
   <subfield code="c">2017</subfield>
  </datafield>
  <datafield tag="300" ind1=" " ind2=" ">
   <subfield code="a">208tr.</subfield>
   <subfield code="b">minh họa</subfield>
   <subfield code="c">27cm</subfield>
  </datafield>
  <datafield tag="520" ind1="3" ind2=" ">
   <subfield code="a">Quy hoạch đô thị có nhiều giải pháp tận dụng những thuận lợi của hiện trạng tự nhiên, kinh tế xã hội để phát triển và mở rộng đô thị. Quy hoạch chuẩn bị kỹ thuật là một bộ phận của quy hoạch đô thị có chức năng đánh giá mức độ thuận lợi và không thuận lợi khu đất xây dựng đô thị, tìm giải pháp cải tạo và phòng tránh thiên tai có thể xảy ra đối với đô thị. Đặc biệt, quy hoạch chuẩn bị kỹ thuật nghiên cứu giải pháp sử dụng địa hình và cải tạo địa hình khi xây dựng đô thị. Nội dung quan trọng và chủ yếu của quy hoạch chuẩn bị kỹ thuật là khai thác và cải tạo điều kiện tự nhiên để xây dựng và phát triển đô thị</subfield>
  </datafield>
  <datafield tag="653" ind1=" " ind2=" ">
   <subfield code="a">Kỹ thuật Công trình xây dựng</subfield>
  </datafield>
  <datafield tag="942" ind1=" " ind2=" ">
   <subfield code="2">ddc</subfield>
   <subfield code="c">BK</subfield>
  </datafield>
  <datafield tag="952" ind1=" " ind2=" ">
   <subfield code="0">0</subfield>
   <subfield code="1">0</subfield>
   <subfield code="2">ddc</subfield>
   <subfield code="4">0</subfield>
   <subfield code="6">624_151759700000000_M107</subfield>
   <subfield code="7">0</subfield>
   <subfield code="9">13652</subfield>
   <subfield code="a">000001</subfield>
   <subfield code="b">000001</subfield>
   <subfield code="d">2018-09-12</subfield>
   <subfield code="o">624.1517597 M107</subfield>
   <subfield code="p">MD.12858</subfield>
   <subfield code="r">2018-09-12</subfield>
   <subfield code="v">114000.00</subfield>
   <subfield code="w">2018-09-12</subfield>
   <subfield code="y">BK</subfield>
  </datafield>
  <datafield tag="952" ind1=" " ind2=" ">
   <subfield code="0">0</subfield>
   <subfield code="1">0</subfield>
   <subfield code="2">ddc</subfield>
   <subfield code="4">0</subfield>
   <subfield code="6">624_151759700000000_M107</subfield>
   <subfield code="7">0</subfield>
   <subfield code="9">13653</subfield>
   <subfield code="a">000001</subfield>
   <subfield code="b">000001</subfield>
   <subfield code="d">2018-09-12</subfield>
   <subfield code="o">624.1517597 M107</subfield>
   <subfield code="p">MD.12859</subfield>
   <subfield code="r">2018-09-12</subfield>
   <subfield code="v">114000.00</subfield>
   <subfield code="w">2018-09-12</subfield>
   <subfield code="y">BK</subfield>
  </datafield>
  <datafield tag="952" ind1=" " ind2=" ">
   <subfield code="0">0</subfield>
   <subfield code="1">0</subfield>
   <subfield code="2">ddc</subfield>
   <subfield code="4">0</subfield>
   <subfield code="6">624_151759700000000_M107</subfield>
   <subfield code="7">0</subfield>
   <subfield code="9">13654</subfield>
   <subfield code="a">000001</subfield>
   <subfield code="b">000001</subfield>
   <subfield code="d">2018-09-12</subfield>
   <subfield code="o">624.1517597 M107</subfield>
   <subfield code="p">MD.12860</subfield>
   <subfield code="r">2018-09-12</subfield>
   <subfield code="v">114000.00</subfield>
   <subfield code="w">2018-09-12</subfield>
   <subfield code="y">BK</subfield>
  </datafield>
  <datafield tag="952" ind1=" " ind2=" ">
   <subfield code="0">0</subfield>
   <subfield code="1">0</subfield>
   <subfield code="2">ddc</subfield>
   <subfield code="4">0</subfield>
   <subfield code="6">624_151759700000000_M107</subfield>
   <subfield code="7">0</subfield>
   <subfield code="9">13655</subfield>
   <subfield code="a">000001</subfield>
   <subfield code="b">000001</subfield>
   <subfield code="d">2018-09-12</subfield>
   <subfield code="o">624.1517597 M107</subfield>
   <subfield code="p">MD.12861</subfield>
   <subfield code="r">2018-09-12</subfield>
   <subfield code="v">114000.00</subfield>
   <subfield code="w">2018-09-12</subfield>
   <subfield code="y">BK</subfield>
  </datafield>
  <datafield tag="952" ind1=" " ind2=" ">
   <subfield code="0">0</subfield>
   <subfield code="1">0</subfield>
   <subfield code="2">ddc</subfield>
   <subfield code="4">0</subfield>
   <subfield code="6">624_151759700000000_M107</subfield>
   <subfield code="7">0</subfield>
   <subfield code="9">13656</subfield>
   <subfield code="a">000001</subfield>
   <subfield code="b">000001</subfield>
   <subfield code="d">2018-09-12</subfield>
   <subfield code="o">624.1517597 M107</subfield>
   <subfield code="p">MD.12862</subfield>
   <subfield code="r">2018-09-12</subfield>
   <subfield code="v">114000.00</subfield>
   <subfield code="w">2018-09-12</subfield>
   <subfield code="y">BK</subfield>
  </datafield>
  <datafield tag="952" ind1=" " ind2=" ">
   <subfield code="0">0</subfield>
   <subfield code="1">0</subfield>
   <subfield code="2">ddc</subfield>
   <subfield code="4">0</subfield>
   <subfield code="6">624_151759700000000_M107</subfield>
   <subfield code="7">0</subfield>
   <subfield code="9">13657</subfield>
   <subfield code="a">000001</subfield>
   <subfield code="b">000001</subfield>
   <subfield code="d">2018-09-12</subfield>
   <subfield code="o">624.1517597 M107</subfield>
   <subfield code="p">MD.12863</subfield>
   <subfield code="r">2018-09-12</subfield>
   <subfield code="v">114000.00</subfield>
   <subfield code="w">2018-09-12</subfield>
   <subfield code="y">BK</subfield>
  </datafield>
  <datafield tag="952" ind1=" " ind2=" ">
   <subfield code="0">0</subfield>
   <subfield code="1">0</subfield>
   <subfield code="2">ddc</subfield>
   <subfield code="4">0</subfield>
   <subfield code="6">624_151759700000000_M107</subfield>
   <subfield code="7">0</subfield>
   <subfield code="9">13658</subfield>
   <subfield code="a">000001</subfield>
   <subfield code="b">000001</subfield>
   <subfield code="d">2018-09-12</subfield>
   <subfield code="o">624.1517597 M107</subfield>
   <subfield code="p">MD.12864</subfield>
   <subfield code="r">2018-09-12</subfield>
   <subfield code="v">114000.00</subfield>
   <subfield code="w">2018-09-12</subfield>
   <subfield code="y">BK</subfield>
  </datafield>
  <datafield tag="952" ind1=" " ind2=" ">
   <subfield code="0">0</subfield>
   <subfield code="1">0</subfield>
   <subfield code="2">ddc</subfield>
   <subfield code="4">0</subfield>
   <subfield code="6">624_151759700000000_M107</subfield>
   <subfield code="7">0</subfield>
   <subfield code="9">13659</subfield>
   <subfield code="a">000001</subfield>
   <subfield code="b">000001</subfield>
   <subfield code="d">2018-09-12</subfield>
   <subfield code="o">624.1517597 M107</subfield>
   <subfield code="p">MD.12865</subfield>
   <subfield code="r">2018-09-12</subfield>
   <subfield code="v">114000.00</subfield>
   <subfield code="w">2018-09-12</subfield>
   <subfield code="y">BK</subfield>
  </datafield>
  <datafield tag="952" ind1=" " ind2=" ">
   <subfield code="0">0</subfield>
   <subfield code="1">0</subfield>
   <subfield code="2">ddc</subfield>
   <subfield code="4">0</subfield>
   <subfield code="6">624_151759700000000_M107</subfield>
   <subfield code="7">0</subfield>
   <subfield code="9">13660</subfield>
   <subfield code="a">000001</subfield>
   <subfield code="b">000001</subfield>
   <subfield code="d">2018-09-12</subfield>
   <subfield code="o">624.1517597 M107</subfield>
   <subfield code="p">MD.12866</subfield>
   <subfield code="r">2018-09-12</subfield>
   <subfield code="v">114000.00</subfield>
   <subfield code="w">2018-09-12</subfield>
   <subfield code="y">BK</subfield>
  </datafield>
  <datafield tag="952" ind1=" " ind2=" ">
   <subfield code="0">0</subfield>
   <subfield code="1">0</subfield>
   <subfield code="2">ddc</subfield>
   <subfield code="4">0</subfield>
   <subfield code="6">624_151759700000000_M107</subfield>
   <subfield code="7">0</subfield>
   <subfield code="9">13661</subfield>
   <subfield code="a">000001</subfield>
   <subfield code="b">000001</subfield>
   <subfield code="d">2018-09-12</subfield>
   <subfield code="o">624.1517597 M107</subfield>
   <subfield code="p">MD.12867</subfield>
   <subfield code="r">2018-09-12</subfield>
   <subfield code="v">114000.00</subfield>
   <subfield code="w">2018-09-12</subfield>
   <subfield code="y">BK</subfield>
  </datafield>
  <datafield tag="980" ind1=" " ind2=" ">
   <subfield code="a">Thư viện Trường Đại học Nam Cần Thơ</subfield>
  </datafield>
 </record>
</collection>
